000 00286as aa2200097a 44500
090 _aSERIADAS
_b00339
245 1 0 _aColeopterists Bulletin: an International Journal Devoted to the Study of Beetles
260 _bColeopterists Society
_aEstados Unidos
041 0 _aInglés
942 _cREVISTA
999 _c16814
_d16814